• 首页
  • 本馆介绍
  • 公告通知
  • 最新文献
  • 馆藏检索
  • 电子资源
  • 读者导购
  • 参考咨询
  • 我的图书馆
  • 登录
  • 详细信息显示
  • 放入我的书架
  • 预约/预借图书
  • 作者相关作品
  • 分类相关作品
  • 丛书相关作品
  • 出版社相关作品

书目信息

  • 表格格式
  • 工作单格式
  • 卡片格式
题名:
论日本教育
    
 
作者: 赵冠宇 , 安宝 编著
分册:  
出版信息: 长春   吉林教育出版社  2012.6
页数: 202页
开本: 23cm
丛书名:
单 册:
中图分类: G531.3
科图分类:
主题词: 教育事业--研究--日本 , 教育事业
电子资源:
ISBN: 978-7-5383-8974-6
000 00724nam0 2200253 45
001 1354490936
005 20130510095443.40
010    @a978-7-5383-8974-6@dCNY25.80
100    @a20130108d2011 ekmy0chiy0120 ea
101 0  @achi
102    @aCN@b220000
105    @ay z 000yy
106    @ar
200 1  @a论日本教育@ALun Ri Ben Jiao Yu@f赵冠宇,安宝编著@FZhao Guan Yu, An Bao Bian Zhu
210    @a长春@c吉林教育出版社@d2012.6
215    @a202页@d23cm
300    @a和谐校园文化建设读本
606 0  @a教育事业@x研究@y日本
606 0  @a教育事业
690    @aG531.3@v5
701  0 @a赵冠宇@AZhao Guan Yu@4编著
701  0 @a安宝@AAn Bao@4编著
801    @aCN@bTANGWEI@c20130109
905    @b0830269-72@dG531.3@e55@f4
    
    论日本教育/赵冠宇,安宝编著.-长春:吉林教育出版社,2012.6
    202页;23cm
    和谐校园文化建设读本
    
    ISBN 978-7-5383-8974-6:CNY25.80
    
●
相关链接 在E读中查询图书 在五车中查询图书 在当当中查询图书 在豆瓣中查询图书


正题名:论日本教育     索取号:G531.3/55         预约/预借

序号 登录号 条形码 馆藏地/架位号 状态 备注
1 0830269   208302692   第一样本阅览室/ [索取号:G531.3/55] 在馆    
2 0830270   208302709   第四借阅区/ [索取号:G531.3/55] 在馆    
3 0830271   208302718   第四借阅区/ [索取号:G531.3/55] 在馆    
4 0830272   208302727   第四借阅区/ [索取号:G531.3/55] 在馆    
唐山师范学院图书馆 欢迎您!
大连网信软件有限公司© 版权所有